Statistics for North Korea to South Korea Word Chain

Click here to take the quiz!

General Stats

  • This quiz has been taken 122 times
  • The average score is 8 of 17

Answer Stats

HintWord% Correct
The absence of lightDark
71%
Four letter abbreviation for North KoreaDPRK
71%
Meat some religions ban eatingPork
67%
Top of a mountainPeak
60%
Capital of South Korea (add a letter)Seoul
58%
Common Korean surnamePark
53%
Short for Sally (remove a letter)Sal
51%
Might be found inside a clam (add one letter)Pearl
49%
Synonymous for nerdDork
46%
Spanish for sunSol
46%
Someone's spiritual self (add a letter)Soul
45%
To become lively and cheerful, "____ up"Perk
43%
A loud ringing of bells, homophone of fruit skinPeal
37%
Sea faring mammal (singular) (remove a letter)Seal
30%
Multiple of a fruitPears
25%
Sea-faring mammal (plural)Seals
25%
Popular furniture chainSears
22%

Score Distribution

Percentile by Number Answered

Percent of People with Each Score

Your Score History

You have not taken this quiz